000 00941cam a22002771 4500
001 ca 33000014
003 DLC
005 20260227111127.0
008 790720s1932 ctu b 000 0 eng
010 _aca 33000014
035 _a(OCoLC)5191236
040 _aDLC
_cFTaSU
_dOCoLC
_dDLC
042 _apremarc
050 0 0 _aML161
_b.S5
082 _a780.9
100 1 _aSimonds, Bruce.
245 1 0 _aOutlines of musical history:
_bdevelopment of music through Beethoven,
_carranged by Bruce Simonds and Hugh Smith.
260 _a[New Haven, Conn.,
_bWhitlock's Book Store, inc.]
_cc1932.
300 _a2 p l., 86 numb l.
_c28 cm.
500 _aAt head of title: Yale University. School of Music
500 _aMimeographed.
504 _a"Outside reading" at end of each chapter.
650 0 _aMusic
_xHistory and criticism
_xOutlines, syllabi, etc.
700 1 _aSmith, Hugh,
_d1890-
_ejoint author.
710 2 _aYale School of Music.
999 _c16982
_d16982